Virt ︢ revista virtual de Filosofia Jurd̕ica e Teoria Constitucional

Bibliographic Details
Format: Unknown
Language:English
Published: Brasil : Dereito publico
Subjects:
Online Access:Acceso restringido

MARC

LEADER 00000ny a22000003n 4500
005 20110513104425.0
008 100322s19uu9999bl z 000 eng d
035 |a 4587 
040 |a BUS  |d vLex 
090 |c 1839  |d 1839 
245 3 0 |a Virt ︢  |h [Recurso electrn̤ico]  |b revista virtual de Filosofia Jurd̕ica e Teoria Constitucional 
246 3 |a Revista virtual de Filosofia Jurd̕ica e Teoria Constitucional 
256 |a Servicio en ln̕ea 
260 |a Brasil :  |b Dereito publico 
506 1 |a Contenido solo disponible en los productos indicados  |d vLex Global  |d vLex Global (Academic Edition, excluding Law Schools)  |d vLex Global (U.S. Academic Edition, Law Schools)  |d vLex Global (U.S. Academic Edition, excluding Law Schools)  |d vLex Global (Academic Edition, Law Schools) 
650 0 4 |a Derecho  |x Filosofa̕  |x Publicaciones perid̤icas 
650 0 4 |a Derecho  |x Publicaciones perid̤icas 
740 0 |a vLex Revista (Servicios en ln̕ea) 
843 |a Electrn̤ica. Cerrada 
853 |8 1  |i (year)  |j (month)  |k (day) 
856 4 0 |z Acceso restringido  |u http://vlex.com/account/login_ip?fuente_id=4587  
942 |c REV